000 00449nam a2200157 i 4500
001 129311
003 ES-MaACL
005 20230906193458.0
007 t|
008 070612s1931 fr ||||1| fre d
100 1 _aTerrasse, Charles.
_9109778
245 1 0 _aGoya y Lucientes, 1746 y 1828 /
_cpar Charles Terrasse.
260 _aParĂ­s :
_b[Argentenil-Jacomet & Cia.],
_c1931.
300 _a228 p. :
_bil. ;
_c29 cm.
852 _aES-MaACL
_jF-15042
999 _c129311
_d129311